000 00499nam a2200181Ia 4500
003 GCL
008 140319s9999 xx 000 0 eng d
040 _aGCL /
_cGCL
082 0 4 _aCC
_b962.053
_bA N
100 1 _aAHMED, MUHAMMAD A.
245 1 0 _aNASSER AND AMERICAN FOREIGN POLICY 1952 - 1956 /
_cAHMED, MUHAMMAD A.
260 _a[S.N] :
_bAMERICAN UNIVERSITY IN CAIRO PRESS ،
_c1991
300 _a224
650 0 4 _aEGYPT
650 0 4 _aHISTORY
650 0 4 _aREVOLUTION 1952
942 _2ddc
_cBK
999 _c14275
_d14275